Seoul Metropolitan Subway Line 5 Stations - Statistics

General Stats
  • This quiz has been taken 32 times
    20 since last reset
  • The average score is 36 of 57
Answer Stats
Station
Number
Station Name Transfer % Correct
533 Gwanghwamun(Sejong Center of the Performing Arts)
88%
P555 Macheon
88%
526 Yeouido(Shinhan Securities) Line 9
88%
512 Gimpo Int'l Airport Line 9Airport Railroad Gimpo Goldline Seohae Line
81%
529 Gongdeok Line 6Airport Railroad Gyeongui-Jungang Line
81%
558 Hanam Geomdansan
81%
523 Yeongdeungpo-gu Office Line 2
81%
537 Cheonggu Line 6
75%
534 Jongno 3(sam)-ga (Tapgol Park) Line 1Line 3
75%
518 Kkachisan Line 2
75%
520 Mok-dong
75%
532 Seodaemun(Kangbuk Samsung Hospital)
75%
525 Singil Line 1
75%
510 Banghwa
69%
547 Cheonho(Pungnaptoseong) Line 8
69%
536 Dongdaemun History & Culture Park (DDP) Line 2Line 4
69%
521 Omokgyo(Mok-dong Stadium)
69%
540 Wangsimni(Seongdong-gu Office) Line 2Gyeongui-Jungang Line Suin-Bundang Line
69%
527 Yeouinaru
69%
545 Achasan(Rear Entrance to Seoul Children's Grand Park)
63%
530 Aeogae
63%
542 Dapsimni
63%
535 Euljiro 4(sa)-ga(BC Card) Line 2
63%
548 Gangdong Line 5 (Main Line)
63%
548 Gangdong(Kangdong Sacred Heart Hospital) Line 5 (Macheon Branch)
63%
554 Gangil
63%
552 Godeok(Kyung Hee Univ. Hospital at Gangdong)
63%
544 Gunja(Neung-dong) Line 7
63%
P550 Olympic Park(Korean National Sport Univ.) Line 9
63%
553 Sangil-dong
63%
519 Sinjeong(Eunhaengjeong)
63%
522 Yangpyeong
63%
524 Yeongdeungpo Market
63%
515 Balsan(SNU Seoul Hospital)
56%
531 Chungjeongno(Kyonggi Univ.) Line 2
56%
511 Gaehwasan
56%
P553 Gaerong
56%
549 Gildong
56%
546 Gwangnaru(Presbyterian Univ. & Theological Seminary)
56%
539 Haengdang
56%
557 Hanam City Hall(Deokpung & Sinjang)
56%
543 Janghanpyeong
56%
514 Magok(Home & Shopping)
56%
541 Majang
56%
528 Mapo
56%
555 Misa
56%
551 Myeongil
56%
P552 Ogeum Line 3
56%
538 Singeumho
56%
513 Songjeong
56%
P551 Bangi
50%
P549 Dunchon-dong
50%
P554 Geoyeo
50%
550 Gubeundari(Gangdong Community Center)
50%
556 Hanam Pungsan
50%
517 Hwagok
50%
516 Ujangsan
50%
No matching quizzes found
Score Distribution
Percent of People with Each Score
Percentile by Number Answered
Your Score History
You have not taken this quiz since the last reset